| 000 | 01380cam a2200301 i 4500 | ||
|---|---|---|---|
| 003 | SA-RiAUC | ||
| 005 | 20250113082517.0 | ||
| 008 | 250107s1992 ye g b 00000 ara c | ||
| 040 |
_aSA-RiAUC _bara _cSA-RiAUC _erda |
||
| 050 | 4 | _bA4 1992 | |
| 082 | 0 | 4 | _a214.6467 |
| 090 |
_a214.6467 _b ص ن ع |
||
| 100 | 1 |
_aالصنعاني، محمد بن إسماعيل بن صلاح، _d1099-1182 هجري _eمؤلف. |
|
| 245 | 1 | 0 |
_aاستيفاء الأقوال في تحريم الأسبال على الرجال / _cتأليف محمد بن إسماعيل الأمير الصنعاني ؛ حققه وعلق عليه وخرج أحاديثه عقيل بن محمد بن زيد المقطري. |
| 250 | _aالطبعة الأولى. | ||
| 264 | 1 |
_aصنعاء : _bمكتبة دار القدس، _c1992 |
|
| 300 |
_a52 صفحة ؛ _c24 سم |
||
| 336 |
_aنص _btxt _2rdacontent _3كتاب |
||
| 337 |
_aبدون وسيط _bn _2rdamedia |
||
| 338 |
_aمجلد _bnc _2rdacarrier |
||
| 504 | _aيشتمل على إرجاعات ببليوجرافية. | ||
| 650 | 7 |
_aالملابس (فقه إسلامي) _2aucsh |
|
| 650 | 7 |
_aالحظر والإباحة _2aucsh |
|
| 650 | 7 |
_aالحلال والحرام _2aucsh |
|
| 700 | 1 |
_aالمقطري، عقيل بن محمد بن زيد، _d1959- _eمحقق. |
|
| 942 |
_2ddc _cBOOK _n0 |
||
| 949 |
_aSA-JeALM _d250107 _umohamedma123 _n1 |
||
| 999 |
_c4681 _d4681 |
||